DEVELOPMENT AND TESTING OF ONE-ROW VEGETABLE TRANSPLANTER ATTACHABLE TO A POWER TILLER. ការអភិវឌ្ឍនិងធ្វើតេស្តសមត្ថភាពឧបករណ៍ស្ទួងបន្លែបំពាក់ជាមួយគោយន្ត (Record no. 21920)

000 -LEADER
fixed length control field 00611nam a22001217a 4500
040 ## - CATALOGING SOURCE
Transcribing agency RUA
100 ## - MAIN ENTRY--AUTHOR NAME
Personal name MET THAN. ម៉េត ថាន
245 ## - TITLE STATEMENT
Title DEVELOPMENT AND TESTING OF ONE-ROW VEGETABLE TRANSPLANTER ATTACHABLE TO A POWER TILLER. ការអភិវឌ្ឍនិងធ្វើតេស្តសមត្ថភាពឧបករណ៍ស្ទួងបន្លែបំពាក់ជាមួយគោយន្ត
260 ## - PUBLICATION, DISTRIBUTION, ETC. (IMPRINT)
Place of publication Phnom Penh
Name of publisher RUA
Year of publication 2021
300 ## - PHYSICAL DESCRIPTION
Number of Pages IX.39P
Other physical details VII.
Dimensions 29CM
856 ## - ELECTRONIC LOCATION AND ACCESS
Uniform Resource Identifier https://drive.google.com/file/d/1c53Pg7iQUx9dV_XSIWMct5hQ1LCxyWC3/view?usp=sharing
942 ## - ADDED ENTRY ELEMENTS (KOHA)
Koha item type AGE
952 ## - LOCATION AND ITEM INFORMATION (KOHA)
Withdrawn status [LOCAL, KOHA] 0
952 ## - LOCATION AND ITEM INFORMATION (KOHA)
Withdrawn status [LOCAL, KOHA] 0
952 ## - LOCATION AND ITEM INFORMATION (KOHA)
Withdrawn status [LOCAL, KOHA] 0
952 ## - LOCATION AND ITEM INFORMATION (KOHA)
Withdrawn status [LOCAL, KOHA] 0
952 ## - LOCATION AND ITEM INFORMATION (KOHA)
Withdrawn status [LOCAL, KOHA] 0
952 ## - LOCATION AND ITEM INFORMATION (KOHA)
Withdrawn status [LOCAL, KOHA] 0
Holdings
Permanent Location Date acquired Koha item type Lost status Shelving location Barcode Current Location Full call number
Library Block B2023-09-15AGE B660a73297Library Block BAGE MET 2021 B660 Or.
Library Block B2023-09-15AGE B660a73195Library Block BAGE MET 2021 B660 Or.
Library Block B2023-09-15AGE B660a73125Library Block BAGE MET 2021 B660 Or.
Library Block B2023-09-15AGE B660a73205Library Block BAGE MET 2021 B660 Or.
Library Block B2023-09-15AGE B660a73135Library Block BAGE MET 2021 B660 Or.
Library Block B2023-09-15AGE B660a73130Library Block BAGE MET 2021 B660 Or.
មជ្ឈមណ្ឌលឯការនៃសាកលវិទ្យាល័យភូមិន្ទកសិកម្មចំការដូង

Powered by Koha